000 00506nam a2200145 a 4500
001 000035646
005 20200930074511.0
008 111107s2004 dr 000 0 spa d
040 _aDO-SdBNP
_bspa
_cBNPHU
100 1 _aMirabal, Franklin
_959791
245 1 0 _aIncreíble :
_binspirado en el juego de 16 entradas de Juan Marichal /
_cFranklin Mirabal ; prólogo Rafael Molina Morillo.
260 _a[Santo Domingo] :
_bEditora Corripio,
_c[20uu]?
300 _a104 p. :
_bil., retrs. ;
_c29 cm.
049 _aBNPD
999 _c35137
_d35137